<?xml version="1.0" encoding="UTF-8"?>
<record
    xmlns:xsi="http://www.w3.org/2001/XMLSchema-instance"
    xsi:schemaLocation="http://www.loc.gov/MARC21/slim http://www.loc.gov/standards/marcxml/schema/MARC21slim.xsd"
    xmlns="http://www.loc.gov/MARC21/slim">

  <leader>01659nam a22002777a 4500</leader>
  <controlfield tag="001">8307</controlfield>
  <controlfield tag="003">FISKH</controlfield>
  <controlfield tag="005">20250908155418.0</controlfield>
  <controlfield tag="008">250908b        cb ||||| |||| 00| 0 eng d</controlfield>
  <datafield tag="020" ind1=" " ind2=" ">
    <subfield code="a">9789996346002kh</subfield>
  </datafield>
  <datafield tag="040" ind1=" " ind2=" ">
    <subfield code="a">FISKH</subfield>
    <subfield code="b">khr</subfield>
    <subfield code="c">FISKH</subfield>
    <subfield code="d">FISKH</subfield>
  </datafield>
  <datafield tag="082" ind1=" " ind2=" ">
    <subfield code="a">800</subfield>
  </datafield>
  <datafield tag="100" ind1=" " ind2=" ">
    <subfield code="a">Chanthorn, Thy </subfield>
  </datafield>
  <datafield tag="245" ind1=" " ind2=" ">
    <subfield code="a">&#x17A0;&#x1784;&#x17D2;&#x179F;&#x1787;&#x17B6;&#x179F;&#x17D2;&#x178A;&#x17C1;&#x1785;&#x1794;&#x1780;&#x17D2;&#x179F;&#x17B8; : </subfield>
    <subfield code="b">Swan, the king of birds /</subfield>
  </datafield>
  <datafield tag="260" ind1=" " ind2=" ">
    <subfield code="a">Phnom Penh : </subfield>
    <subfield code="b">Reading Books, </subfield>
    <subfield code="c">2013. </subfield>
  </datafield>
  <datafield tag="300" ind1=" " ind2=" ">
    <subfield code="a">20 pages : </subfield>
    <subfield code="b">color illustrations ; </subfield>
    <subfield code="c">18 x 25 cm </subfield>
  </datafield>
  <datafield tag="505" ind1=" " ind2=" ">
    <subfield code="a">J
</subfield>
  </datafield>
  <datafield tag="520" ind1=" " ind2=" ">
    <subfield code="a">&#x17A0;&#x1784;&#x17D2;&#x179F;&#x1798;&#x17B6;&#x1793;&#x17A5;&#x179A;&#x17B7;&#x1799;&#x17B6;&#x1794;&#x1790;&#x179B;&#x17D2;&#x17A2; &#x1793;&#x17B7;&#x1784;&#x178A;&#x17B9;&#x1780;&#x1793;&#x17B6;&#x17C6;&#x1794;&#x1780;&#x17D2;&#x179F;&#x17B8;&#x1791;&#x17B6;&#x17C6;&#x1784;&#x17A2;&#x179F;&#x17CB;&#x17B2;&#x17D2;&#x1799;&#x179A;&#x179F;&#x17CB;&#x1793;&#x17C5;&#x178A;&#x17C4;&#x1799;&#x179F;&#x17B6;&#x1798;&#x1782;&#x17D2;&#x1782;&#x17B8;&#x1797;&#x17B6;&#x1796;&#x17D4; &#x1796;&#x17C1;&#x179B;&#x1798;&#x17B6;&#x1793;&#x1780;&#x17B6;&#x179A;&#x1787;&#x1798;&#x17D2;&#x179B;&#x17C4;&#x17C7; &#x17AC;&#x1794;&#x1789;&#x17D2;&#x17A0;&#x17B6;&#x1795;&#x17D2;&#x179F;&#x17C1;&#x1784;&#x17D7; &#x17A0;&#x1784;&#x17D2;&#x179F;&#x178F;&#x17C2;&#x1784;&#x178F;&#x17C2;&#x178A;&#x17C4;&#x17C7;&#x179F;&#x17D2;&#x179A;&#x17B6;&#x1799;&#x178A;&#x17C4;&#x1799;&#x1799;&#x17BB;&#x178F;&#x17D2;&#x178F;&#x17B7;&#x1792;&#x1798;&#x17CC; &#x1793;&#x17B7;&#x1784;&#x1794;&#x17D2;&#x179A;&#x17B6;&#x1787;&#x17D2;&#x1789;&#x17B6;&#x17D4; &#x178A;&#x17C4;&#x1799;&#x179F;&#x17B6;&#x179A;&#x1782;&#x17BB;&#x178E;&#x179F;&#x1798;&#x17D2;&#x1794;&#x178F;&#x17D2;&#x178F;&#x17B7;&#x1791;&#x17B6;&#x17C6;&#x1784;&#x1793;&#x17C1;&#x17C7; &#x1794;&#x1780;&#x17D2;&#x179F;&#x17B8;&#x1791;&#x17B6;&#x17C6;&#x1784;&#x17A2;&#x179F;&#x17CB;&#x1794;&#x17B6;&#x1793;&#x1782;&#x17C4;&#x179A;&#x1796; &#x1793;&#x17B7;&#x1784;&#x1787;&#x17D2;&#x179A;&#x17BE;&#x179F;&#x179A;&#x17BE;&#x179F;&#x17B2;&#x17D2;&#x1799;&#x17A0;&#x1784;&#x17D2;&#x179F;&#x1780;&#x17D2;&#x179B;&#x17B6;&#x1799;&#x1787;&#x17B6;&#x179F;&#x17D2;&#x178A;&#x17C1;&#x1785;&#x1794;&#x1780;&#x17D2;&#x179F;&#x17B8;&#x17D4;</subfield>
  </datafield>
  <datafield tag="520" ind1=" " ind2=" ">
    <subfield code="a">The swan is a wise and kind bird who always shows good behavior and compassion toward other animals. Because of his intelligence and fairness, he is able to resolve conflicts and guide the birds to live in harmony. For these virtues, all the birds respect him and choose the swan as their king.</subfield>
  </datafield>
  <datafield tag="521" ind1="8" ind2=" ">
    <subfield code="a">430
</subfield>
    <subfield code="b">Lexile estimate
</subfield>
  </datafield>
  <datafield tag="521" ind1="8" ind2=" ">
    <subfield code="a">J
</subfield>
    <subfield code="b">Raz-Plus
</subfield>
  </datafield>
  <datafield tag="650" ind1=" " ind2=" ">
    <subfield code="a">Swan </subfield>
  </datafield>
  <datafield tag="650" ind1=" " ind2=" ">
    <subfield code="a">&#x17A0;&#x1784;&#x17D2;&#x179F;</subfield>
  </datafield>
  <datafield tag="942" ind1=" " ind2=" ">
    <subfield code="2">ddc</subfield>
    <subfield code="c">KHB</subfield>
    <subfield code="n">0</subfield>
  </datafield>
  <datafield tag="999" ind1=" " ind2=" ">
    <subfield code="c">8307</subfield>
    <subfield code="d">8307</subfield>
  </datafield>
  <datafield tag="952" ind1=" " ind2=" ">
    <subfield code="0">0</subfield>
    <subfield code="1">0</subfield>
    <subfield code="2">ddc</subfield>
    <subfield code="4">0</subfield>
    <subfield code="7">0</subfield>
    <subfield code="8">Khmer-English Bilingual </subfield>
    <subfield code="a">001</subfield>
    <subfield code="b">001</subfield>
    <subfield code="c">OKHR</subfield>
    <subfield code="d">2025-09-08</subfield>
    <subfield code="l">0</subfield>
    <subfield code="o">CHA 800 PZ7 </subfield>
    <subfield code="p">FISTK04587</subfield>
    <subfield code="r">2025-09-08 15:53:51</subfield>
    <subfield code="t">1</subfield>
    <subfield code="w">2025-09-08</subfield>
    <subfield code="y">KHB</subfield>
  </datafield>
  <datafield tag="952" ind1=" " ind2=" ">
    <subfield code="0">0</subfield>
    <subfield code="1">0</subfield>
    <subfield code="2">ddc</subfield>
    <subfield code="4">0</subfield>
    <subfield code="7">0</subfield>
    <subfield code="8">Khmer-English Bilingual </subfield>
    <subfield code="a">001</subfield>
    <subfield code="b">001</subfield>
    <subfield code="c">OKHR</subfield>
    <subfield code="d">2025-09-08</subfield>
    <subfield code="l">0</subfield>
    <subfield code="o">CHA 800 PZ7 </subfield>
    <subfield code="p">FISTK04588</subfield>
    <subfield code="r">2025-09-08 15:54:06</subfield>
    <subfield code="t">2</subfield>
    <subfield code="w">2025-09-08</subfield>
    <subfield code="y">KHB</subfield>
  </datafield>
  <datafield tag="952" ind1=" " ind2=" ">
    <subfield code="0">0</subfield>
    <subfield code="1">0</subfield>
    <subfield code="2">ddc</subfield>
    <subfield code="4">0</subfield>
    <subfield code="7">0</subfield>
    <subfield code="8">Khmer-English Bilingual </subfield>
    <subfield code="a">001</subfield>
    <subfield code="b">001</subfield>
    <subfield code="c">OKHR</subfield>
    <subfield code="d">2025-09-08</subfield>
    <subfield code="l">0</subfield>
    <subfield code="o">CHA 800 PZ7 </subfield>
    <subfield code="p">FISTK04586</subfield>
    <subfield code="r">2025-09-08 15:54:16</subfield>
    <subfield code="t">3</subfield>
    <subfield code="w">2025-09-08</subfield>
    <subfield code="y">KHB</subfield>
  </datafield>
  <datafield tag="952" ind1=" " ind2=" ">
    <subfield code="0">0</subfield>
    <subfield code="1">0</subfield>
    <subfield code="2">ddc</subfield>
    <subfield code="4">0</subfield>
    <subfield code="7">0</subfield>
    <subfield code="8">Khmer-English Bilingual </subfield>
    <subfield code="a">002</subfield>
    <subfield code="b">002</subfield>
    <subfield code="c">TTP Khmer</subfield>
    <subfield code="d">2025-09-16</subfield>
    <subfield code="l">0</subfield>
    <subfield code="o">CHA 800 PZ7 </subfield>
    <subfield code="p">FIS04118</subfield>
    <subfield code="r">2025-09-16 11:08:28</subfield>
    <subfield code="t">4</subfield>
    <subfield code="w">2025-09-16</subfield>
    <subfield code="y">KHB</subfield>
  </datafield>
  <datafield tag="952" ind1=" " ind2=" ">
    <subfield code="0">0</subfield>
    <subfield code="1">0</subfield>
    <subfield code="2">ddc</subfield>
    <subfield code="4">0</subfield>
    <subfield code="7">0</subfield>
    <subfield code="8">Khmer-English Bilingual </subfield>
    <subfield code="a">002</subfield>
    <subfield code="b">002</subfield>
    <subfield code="c">TTP Khmer</subfield>
    <subfield code="d">2025-10-03</subfield>
    <subfield code="l">0</subfield>
    <subfield code="o">CHA 800 PZ7 </subfield>
    <subfield code="p">FIS05061</subfield>
    <subfield code="r">2025-10-03 16:10:18</subfield>
    <subfield code="t">5</subfield>
    <subfield code="w">2025-10-03</subfield>
    <subfield code="y">KHB</subfield>
  </datafield>
  <datafield tag="952" ind1=" " ind2=" ">
    <subfield code="0">0</subfield>
    <subfield code="1">0</subfield>
    <subfield code="2">ddc</subfield>
    <subfield code="4">0</subfield>
    <subfield code="7">0</subfield>
    <subfield code="8">Khmer-English Bilingual </subfield>
    <subfield code="a">002</subfield>
    <subfield code="b">002</subfield>
    <subfield code="c">TTP Khmer</subfield>
    <subfield code="d">2025-10-03</subfield>
    <subfield code="l">0</subfield>
    <subfield code="o">CHA 800 PZ7 </subfield>
    <subfield code="p">FISBK04124</subfield>
    <subfield code="r">2025-10-03 16:27:53</subfield>
    <subfield code="t">6</subfield>
    <subfield code="w">2025-10-03</subfield>
    <subfield code="y">KHB</subfield>
  </datafield>
  <datafield tag="952" ind1=" " ind2=" ">
    <subfield code="0">0</subfield>
    <subfield code="1">0</subfield>
    <subfield code="2">ddc</subfield>
    <subfield code="4">0</subfield>
    <subfield code="7">0</subfield>
    <subfield code="8">Khmer-English Bilingual </subfield>
    <subfield code="a">002</subfield>
    <subfield code="b">002</subfield>
    <subfield code="c">TTP Khmer</subfield>
    <subfield code="d">2025-11-27</subfield>
    <subfield code="l">0</subfield>
    <subfield code="o">CHA 800 PZ7 </subfield>
    <subfield code="p">2025-4969</subfield>
    <subfield code="r">2025-11-27 15:19:47</subfield>
    <subfield code="t">7</subfield>
    <subfield code="w">2025-11-27</subfield>
    <subfield code="y">KHB</subfield>
  </datafield>
  <datafield tag="952" ind1=" " ind2=" ">
    <subfield code="0">0</subfield>
    <subfield code="1">0</subfield>
    <subfield code="2">ddc</subfield>
    <subfield code="4">0</subfield>
    <subfield code="7">0</subfield>
    <subfield code="8">Khmer-English Bilingual </subfield>
    <subfield code="a">002</subfield>
    <subfield code="b">002</subfield>
    <subfield code="c">TTP Khmer</subfield>
    <subfield code="d">2025-12-11</subfield>
    <subfield code="l">0</subfield>
    <subfield code="o">CHA 800 PZ7 </subfield>
    <subfield code="p">FIS04986</subfield>
    <subfield code="r">2025-12-11 10:31:38</subfield>
    <subfield code="t">8</subfield>
    <subfield code="w">2025-12-11</subfield>
    <subfield code="y">KHB</subfield>
  </datafield>
  <datafield tag="952" ind1=" " ind2=" ">
    <subfield code="0">0</subfield>
    <subfield code="1">0</subfield>
    <subfield code="2">ddc</subfield>
    <subfield code="4">0</subfield>
    <subfield code="7">0</subfield>
    <subfield code="8">Khmer-English Bilingual </subfield>
    <subfield code="a">002</subfield>
    <subfield code="b">002</subfield>
    <subfield code="c">TTP Khmer</subfield>
    <subfield code="d">2025-12-12</subfield>
    <subfield code="l">0</subfield>
    <subfield code="o">CHA 800 PZ7 </subfield>
    <subfield code="p">FISBK04125</subfield>
    <subfield code="r">2025-12-12 10:31:00</subfield>
    <subfield code="t">9</subfield>
    <subfield code="w">2025-12-12</subfield>
    <subfield code="y">KHB</subfield>
  </datafield>
</record>
